Peux-tu nommer ces monuments célèbres ? - Statistiques

Statistiques générales
  • Ce quiz a été pris 208 fois
  • Le résultat moyen est 14 sur 35
Statistiques - réponses
Par images Réponse % Correct
Big Ben
98%
Tour Eiffel
98%
Colisée
89%
Statue de la Liberté
86%
Mont-Saint-Michel
81%
Sagrada Familia
80%
Taj Mahal
68%
Machu Picchu
67%
Opéra de Sydney
63%
Mont Rushmore
60%
Mont Fuji
56%
Pont du Golden Gate
56%
Empire State Building
55%
Grande Muraille de Chine
55%
Christ Rédempteur
52%
Petra
47%
Burj Khalifa
35%
Kremlin
35%
Pyramides de Gizeh
33%
Chichén Itzá
20%
Grande Barrière de Corail
20%
Uluru / Ayers Rock
18%
Canal de Panama
16%
Temple d'Angkor Vat
16%
Tour CN
14%
Château de Neuschwanstein
13%
Cathédrale Saint-Basile
10%
Acropole d'Athènes
5%
Pont Charles
5%
Mosquée Hassan II
4%
Moaï de l'île de Pâques
2%
Moeraki Boulders
1%
Palais du Potala
1%
Sky Tower
1%
Montagne de la Table
0%
Aucun quiz correspondant
Distribution des résultats
% des personnes avec chaque résultat
Percentile par nombre de réponses
Votre historique - résultats
Vous n’avez pas pris ce quiz